|
|
|
|
| LEADER |
00000nab a2200000 a 4500 |
| 001 |
vtls000234420 |
| 003 |
SK-MaSNL |
| 005 |
20260304061236.0 |
| 008 |
250422c1985 xo 0 slo |
| 015 |
|
|
|a SNBRB19rr/mm-uuuuu
|
| 035 |
|
|
|a CL0244534
|
| 035 |
|
|
|a urn:nbn:sk:snk-ab1cyb
|
| 035 |
|
|
|a (urnnbn)urn:nbn:sk:snk:ar-002281
|
| 035 |
|
|
|a (uuid)0e84accf-6f9a-4a66-8443-611b26145991
|
| 040 |
|
|
|a SNKBUCL
|b slo
|c SNKBUCL
|e AACR2
|
| 041 |
0 |
|
|a slo
|
| 044 |
|
|
|a xo
|c SK
|
| 080 |
|
|
|a 791.43(437.1/.2)
|2 1981
|
| 100 |
1 |
|
|a Dolnák, Miro
|4 aut
|9 902127
|
| 245 |
1 |
0 |
|a Příliš velká šance
|c Miro Dolnák ; Otakar Fuka, Petr Schulhoff
|
| 300 |
|
|
|b Obr. 2.
|
| 500 |
|
|
|a /Réžia Otakar Fuka./
|
| 650 |
0 |
7 |
|a Příliš velká šance (film český)
|2 snkbucl
|9 1345473
|
| 655 |
|
7 |
|a články z novín a časopisov
|2 snkbucl
|9 267496
|
| 773 |
0 |
|
|t Film a divadlo
|g Roč. 29, č. 25-26 (1985), s. 58-59
|
| 850 |
|
|
|a Slovenská národná knižnica
|
| 852 |
|
|
|a Slovenská národná knižnica
|
| 954 |
|
|
|a odborná, vedecká literatúra pôvodná (slovenská)
|2 lita
|
| 958 |
|
|
|a article27
|
| 958 |
|
|
|a OND
|
| 958 |
|
|
|a RK
|
| 958 |
|
|
|a CZ
|
| 958 |
|
|
|a EUIPO
|
| 992 |
|
|
|a RBX
|
| 999 |
|
|
|c 2732003
|d 2733933
|